MARC

LEADER 00000nam0a2200000 4500
001 127347
005 20231031132211.0
035 |a (RuTPU)RU\TPU\book\137761 
090 |a 127347 
100 |a 20071213d1987 m y0rusy50 ca 
101 0 |a rus 
102 |a RU 
105 |a a j 001zy 
200 1 |a Расчеты и конструирование резиновых изделий  |e учебное пособие для вузов  |f В. А. Лепетов, Л. Н. Юрцев 
205 |a 3-е изд., перераб. и доп. 
210 |a Ленинград  |c Химия  |d 1987 
215 |a 408 с.  |c ил. 
225 1 |a Для высшей школы 
320 |a Библиогр.: с. 397-406. 
610 1 |a химическая технология 
610 1 |a резиновое производство 
610 1 |a резиновая промышленность 
610 1 |a резиновые изделия 
610 1 |a расчет 
610 1 |a конструирование 
610 1 |a армирующие материалы 
610 1 |a ремни 
610 1 |a конвейерная лента 
610 1 |a уплотнители 
610 1 |a пневматические шины 
610 1 |a пневматические подвески 
610 1 |a надежность 
610 1 |a учебные пособия 
675 |a 678.4.06(075.8)  |v 3 
700 1 |a Лепетов  |b В. А.  |g Василий Александрович 
701 1 |a Юрцев  |b Л. Н.  |g Лев Николаевич 
801 1 |a RU  |b 63413507  |c 20071213  |g PSBO 
801 2 |a RU  |b 63413507  |c 20080930  |g PSBO 
942 |c BK